| 000 | 00530nam a2200181 i 4500 | ||
|---|---|---|---|
| 001 | 72519 | ||
| 003 | ES-MaACL | ||
| 005 | 20230906171447.0 | ||
| 007 | t| | ||
| 008 | 040901s1948 sp ||||1| spa d | ||
| 100 | 1 |
_aGlaeser, Ernst. _957386 |
|
| 245 | 1 | 3 |
_aEl último defensor / _cErnst Glaeser ; [traducción del alemán por Víctor Scholz]. |
| 250 | _a[1ª ed.]. | ||
| 260 |
_aBarcelona : _bJosé Janés, _c[1948] |
||
| 300 |
_a514 p. ; _c15 cm. |
||
| 700 | 1 |
_aScholz, Víctor. _9104643 |
|
| 852 |
_aES-MaACL _jC-4939 _bR.26681 |
||
| 999 |
_c72519 _d72519 |
||